000 01031nam a2200265Ia 4500
003 OSt
005 20220923224856.0
006 a|||||r|||| 00| 0
007 ta
008 220922b |||||||| |||| 00| 0 hin d
024 _a252,928
037 _cTextual
040 _aARTS
_cARTS
_bhin
041 _2hin
_ahin
082 _aO152,3N212x, N3.2
100 _aफणीश्वरनाथ रेणु; यायावर, भारत, संपा.
_9168254
245 0 _aफणीश्वरनाथ रेणु चुनी हुई रचनाएॅं
246 _aFaṇīshvaranāth reṇu chunī huī rachanāeॅan
260 _aनई दिल्ली
_b वाणी प्रकाशन
_c1993
300 _a348पृ.
_ccm.
490 _vभाग 2
650 _aहिन्दी साहित्य
_9156264
942 _hO152,3N212x, N3.2
_cTEXL
_2CC
999 _c374325
_d374325